Bohu či mamone? a iné poviedky

Podrobná bibliografia
Hlavní autori: Tolstoj, Lev Nikolajevič, 1828-1910 (Autor), Šrobár, Vavro, 1867-1950 (Autor)
Ďalší autori: Makovický, Dušan, 1866-1921 (Prekladateľ), Škarvan, Albert, 1869-1926 (Prekladateľ)
Médium: Kniha
Jazyk:slovenčina
ruština
PhysicalDescription:16 s. 8°
Vydavateľské údaje: Bratislava Viktor Sekey [Nos. 1923]
Edícia:Ruská knižnica
Predmet:

MARC

LEADER 00000nam a2200000 a 4500
001 vtls008402518
003 SK-MaSNL
005 20260301050854.0
008 251124s1923 xo slo
015 |a SKSNBA19191938-013182 
035 |a SK01SNKBSKHR20020094735 
035 |a SKM000097198 
040 |a SNK  |b slo  |c SNK  |e AACR2 
041 1 |a slo  |h rus 
044 |a xo 
080 |a 882  |2 1981 
100 1 |a Tolstoj, Lev Nikolajevič,  |d 1828-1910  |4 aut  |9 14566 
245 1 0 |a Bohu či mamone? a iné poviedky  |c Lev Nikolajevič Tolstoj 
260 |a Bratislava  |b Viktor Sekey  |c [Nos. 1923]  |e [s.l.]  |f [s.n.] 
300 |a 16 s.  |c 8° 
490 0 |a Ruská knižnica  |v [zv. 1?] 
505 0 |a L.N. Tolstoj: Bohu či mamone? Prel. D. Makovický. s. 1-9. Zpamätajme sa! s. 10-12. L.N. Tolstoj: Ako si čertík krajec chleba vyslúžil. Prel. Alb. Škarvan. s. 13-16. Pozri aj V. Lieskovan [=V. Šrobár] a Kristova reč na hore 
650 0 7 |a poviedky ruské  |2 SNK  |9 291517 
655 7 |a umelecká literatúra  |2 SNKPH  |9 60405 
700 1 |a Makovický, Dušan,  |d 1866-1921  |4 trl  |9 40176 
700 1 |a Škarvan, Albert,  |d 1869-1926  |4 trl  |9 105161 
700 1 |a Šrobár, Vavro,  |d 1867-1950  |4 aut  |9 86514 
830 0 |a Ruská knižnica  |9 347940 
852 |a Slovenská národná knižnica v Martine  |b 10000  |h MS SD 465/1 
852 |a Univerzitná knižnica v Bratislave  |b 300000  |h SG 1171 
958 |a OND 
958 |a RK 
958 |a TL 
999 |c 602012  |d 603942 
952 |a SNK  |b SNK  |y PREZ  |7 0  |p 17A0851255  |o snkSD 465/1  |i snk2411/27  |0 0  |1 0  |4 0  |d 2014-05-27  |l 0  |r 2025-10-16 00:00:00  |w 2026-02-23 
952 |a SNK  |b SNK  |y VYP  |7 0  |p 17A0459448  |o snkSD 465/1 D1  |i snkVI. 3266/55  |3 rekatalogizácia  |0 0  |1 0  |4 0  |d 2005-03-02  |l 0  |r 2026-02-23 15:57:44  |w 2026-02-23 
952 |a SNK  |b SNK  |y VYP  |7 0  |p 17A0459624  |o snkSD 465/1 D2  |i snkVI. 2770/55  |0 0  |1 0  |4 0  |d 2005-03-02  |l 0  |r 2026-02-23 15:57:44  |w 2026-02-23